English pronunciation in use : (Record no. 16527)

MARC details
000 -LEADER
fixed length control field 01490cam a22004215a 4500
003 - CONTROL NUMBER IDENTIFIER
control field EG-ScBUE
005 - DATE AND TIME OF LATEST TRANSACTION
control field 20220628121501.0
006 - FIXED-LENGTH DATA ELEMENTS--ADDITIONAL MATERIAL CHARACTERISTICS--GENERAL INFORMATION
fixed length control field m||||fq||h 00| 0
008 - FIXED-LENGTH DATA ELEMENTS--GENERAL INFORMATION
fixed length control field 120228r20092007enka af 000 0 eng d
020 ## - INTERNATIONAL STANDARD BOOK NUMBER
International Standard Book Number 9780521672641 (set of 5 audio CD's)
020 ## - INTERNATIONAL STANDARD BOOK NUMBER
International Standard Book Number 0521672643 (set of 5 audio CD's)
020 ## - INTERNATIONAL STANDARD BOOK NUMBER
International Standard Book Number 9780521693769 (book w/CD's)
020 ## - INTERNATIONAL STANDARD BOOK NUMBER
International Standard Book Number 0521693764 (book w/CD's)
020 ## - INTERNATIONAL STANDARD BOOK NUMBER
International Standard Book Number 9780521693707 (CD-ROM)
020 ## - INTERNATIONAL STANDARD BOOK NUMBER
International Standard Book Number 0521693705 (CD-ROM)
020 ## - INTERNATIONAL STANDARD BOOK NUMBER
International Standard Book Number 9780521693738 (CD-ROM, pbk., and CDs pack)
020 ## - INTERNATIONAL STANDARD BOOK NUMBER
International Standard Book Number 052169373X (CD-ROM, pbk., and CDs pack)
040 ## - CATALOGING SOURCE
Original cataloging agency EG-ScBUE
Language of cataloging eng
Description conventions rda
Transcribing agency EG-ScBUE
Modifying agency EG-ScBUE
082 04 - DEWEY DECIMAL CLASSIFICATION NUMBER
Classification number 421.52
Item number MAR
Edition number 22
100 1# - MAIN ENTRY--PERSONAL NAME
Personal name Marks, Jonathan,
Relator term author.
9 (RLIN) 29142
245 10 - TITLE STATEMENT
Title English pronunciation in use :
Remainder of title self study and classroom use,
Name of part/section of a work Elementary /
Statement of responsibility, etc Jonathan Marks.
246 30 - VARYING FORM OF TITLE
Title proper/short title Elementary
250 ## - EDITION STATEMENT
Edition statement Reprinted edition.
264 #1 - PUBLICATION, DISTRIBUTION, ETC. (IMPRINT)
Place of publication, distribution, etc Cambridge :
Name of publisher, distributor, etc Cambridge University Press,
Date of publication, distribution, etc 2009.
300 ## - PHYSICAL DESCRIPTION
Extent 166 pages ;
Other physical details illustrations :
Dimensions 27 cm +
Accompanying material 5 audio CD
336 ## - CONTENT TYPE
Source rdacontent
Content type term text
Content type code txt
336 ## - CONTENT TYPE
Source rdacontent
Content type term sounds
Content type code snd
337 ## - MEDIA TYPE
Source rdamedia
Media type term unmediated
Media type code n
337 ## - MEDIA TYPE
Source rdamedia
Media type term audio
Media type code s
338 ## - CARRIER TYPE
Source rdacarrier
Carrier type term volume
Carrier type code nc
338 ## - CARRIER TYPE
Source rdacarrier
Carrier type term computer disc
Carrier type code cd
650 #7 - SUBJECT ADDED ENTRY--TOPICAL TERM
Topical term or geographic name as entry element English language
Form subdivision Textbooks for foreign speakers.
Source of heading or term BUEsh
650 #7 - SUBJECT ADDED ENTRY--TOPICAL TERM
Topical term or geographic name as entry element English language
General subdivision Pronunciation.
Source of heading or term BUEsh
651 ## - SUBJECT ADDED ENTRY--GEOGRAPHIC NAME
Source of heading or term BUEsh
653 ## - INDEX TERM--UNCONTROLLED
Resource For college Humanities: English
Arrived date list August2018
655 ## - INDEX TERM--GENRE/FORM
Form subdivision Reading book
9 (RLIN) 34232
942 ## - ADDED ENTRY ELEMENTS (KOHA)
Source of classification or shelving scheme Dewey Decimal Classification
Koha item type Book - Borrowing
Holdings
Withdrawn status Lost status Source of classification or shelving scheme Damaged status Not for loan Collection code Home library Current library Shelving location Date acquired Source of acquisition Serial Enumeration / chronology Total Checkouts Total Renewals Full call number Barcode Date last seen Date checked out Koha item type Public note
    Dewey Decimal Classification     دار نهضة مصر Central Library Central Library Second Floor 28/02/2012 Purchase 187 3 9 421.52 MAR 000026237 15/07/2025 17/08/2014 Book - Borrowing  
    Dewey Decimal Classification     دار نهضة مصر Central Library Central Library Second Floor 28/02/2012 Purchase 187     421.52 MAR 000026238 24/08/2022   CD | DVD - With book  
    Dewey Decimal Classification     دار نهضة مصر Central Library Central Library Second Floor 28/02/2012 Purchase 187 2   421.52 MAR 000026239 24/08/2022 23/10/2016 CD | DVD - (NB) CD A
    Dewey Decimal Classification     دار نهضة مصر Central Library Central Library Second Floor 28/02/2012 Purchase 187 2   421.52 MAR 000026240 24/08/2022 23/10/2016 CD | DVD - (NB) CD E
    Dewey Decimal Classification     دار نهضة مصر Central Library Central Library Second Floor 28/02/2012 Purchase 187 2   421.52 MAR 000026241 24/08/2022 23/10/2016 CD | DVD - (NB) CD C
    Dewey Decimal Classification     دار نهضة مصر Central Library Central Library Second Floor 28/02/2012 Purchase 187 1   421.52 MAR 000026242 24/08/2022 01/12/2013 CD | DVD - (NB) CD D
    Dewey Decimal Classification     دار نهضة مصر Central Library Central Library Second Floor 28/02/2012 Purchase 187 1   421.52 MAR 000026243 24/08/2022 01/12/2013 CD | DVD - (NB) CD E